000
00296nam a22001097a 4500
005
20251014101154.0
008
251014b |||||||| |||| 00| 0 eng d
040
_c
PK-LaNCA
082
_a
711.40973
_b
MAK
245
_a
Making the metropolitan landscape : standing firm on middle ground
942
_c
BK
999
_c
67024
_d
67024